000 00839nam a22002297a 4500
999 _c18471
_d18471
003 AR-CdUCM
008 190514b ||||| |||| 00| 0 spa d
040 _aMUNICIPALIDAD PROVINCIAL DEL CUSCO
_cBIBLIOTECA MUNICIPAL DEL CUSCO
041 _heng
082 _a070 /
_bCH23
100 _aCharnley, Mitchell V.
_939079
245 _aPeriodismo informativo /
260 _aBuenos Aires :
_bTroquel,
_c1971.
300 _a506 páginas ;
_c23 cm.
505 _aContenido: El concepto de la noticia y el derecho a estar informado -- Las cualidades de la noticia -- Evaluación y selección de las noticias -- Los canales de las noticias...
650 _aPeriodismo
_91929
650 _aInformación
_923515
650 _aNoticias
_933039
700 _aClementi, José (traductor)
_939080
942 _2ddc
_cLIBROS
945 _aacv
_d2019-05-14